| 000 | 00531nam a22001697a 4500 | ||
|---|---|---|---|
| 005 | 20251209141838.0 | ||
| 008 | 251209b |||||||| |||| 00| 0 eng d | ||
| 020 | _a9788174732996 | ||
| 050 | _aRT21 POC | ||
| 245 |
_aPocket Nurses' Dictionary _cedited and compiled by L. C. Gupta, Kusum Gupta & Abhishek Gupta |
||
| 250 |
_a3rd ed. _bcolour edition |
||
| 260 |
_aNew Delhi _bAITBS Publishers _c2008 |
||
| 300 |
_a690p. _bill. some color _c14cm |
||
| 700 | _aGupta, Kusum | ||
| 700 | _aGupta, Abhishek | ||
| 942 |
_2lcc _cBK _e3rd ed. _n0 |
||
| 999 |
_c8516 _d8516 |
||